|
|
|
|
| LEADER |
01893nam a22003493i 4500 |
| 001 |
EBC6624792 |
| 003 |
MiAaPQ |
| 005 |
20231204023216.0 |
| 006 |
m o d | |
| 007 |
cr cnu|||||||| |
| 008 |
231204s2020 xx o ||||0 eng d |
| 020 |
|
|
|a 9789633863206
|q (electronic bk.)
|
| 035 |
|
|
|a (MiAaPQ)EBC6624792
|
| 035 |
|
|
|a (Au-PeEL)EBL6624792
|
| 035 |
|
|
|a (OCoLC)1229475262
|
| 040 |
|
|
|a MiAaPQ
|b eng
|e rda
|e pn
|c MiAaPQ
|d MiAaPQ
|
| 100 |
1 |
|
|a Rostas, Iulius.
|
| 245 |
1 |
2 |
|a A Task for Sisyphus :
|b Why Europe's Roma Policies Fail.
|
| 250 |
|
|
|a 1st ed.
|
| 264 |
|
1 |
|a Budapest :
|b Central European University Press,
|c 2020.
|
| 264 |
|
4 |
|c Ã2019.
|
| 300 |
|
|
|a 1 online resource (303 pages)
|
| 336 |
|
|
|a text
|b txt
|2 rdacontent
|
| 337 |
|
|
|a computer
|b c
|2 rdamedia
|
| 338 |
|
|
|a online resource
|b cr
|2 rdacarrier
|
| 505 |
0 |
|
|a Cover -- Title page -- Copyright page -- Contents -- Preface -- Chapter I. Ethnic Identity as a Social Category and as a Process -- Chapter II. Policy-making, Policy Models, and the Roma -- Chapter III. Policies towards Roma in the Czech Republic, Hungary,and Romania -- Chapter IV. The EU Framework for National Roma IntegrationStrategies-Soft Governance of Complex Issues -- Chapter V. Conclusion: Failure, Data, and What Comes Next -- Acknowledgments -- List of References -- Index -- Back cover.
|
| 588 |
|
|
|a Description based on publisher supplied metadata and other sources.
|
| 590 |
|
|
|a Electronic reproduction. Ann Arbor, Michigan : ProQuest Ebook Central, 2023. Available via World Wide Web. Access may be limited to ProQuest Ebook Central affiliated libraries.
|
| 655 |
|
4 |
|a Electronic books.
|
| 776 |
0 |
8 |
|i Print version:
|a Rostas, Iulius
|t A Task for Sisyphus
|d Budapest : Central European University Press,c2020
|
| 797 |
2 |
|
|a ProQuest (Firm)
|
| 856 |
4 |
0 |
|u https://ebookcentral.proquest.com/lib/matrademy/detail.action?docID=6624792
|z Click to View
|